Formule 1: Les coéquipiers de Pierre Gasly - Statistiques

Statistiques générales
  • Ce quiz a été pris 2 806 fois
    879 depuis la dernière actualisation
  • Le résultat moyen est 6 sur 8
Statistiques - réponses
Equipe Saison Pilote % Correct
Alpine 2023-2024 Esteban Ocon
98%
Red Bull 2019 Max Verstappen
96%
Alpine 2025-2026 Franco Colapinto
95%
Alpha Tauri 2021-2022 Yuki Tsunoda
95%
Alpine 2024-2025 Jack Doohan
90%
Toro Rosso 2017 Carlos Sainz
63%
Toro Rosso 2019-2020 Daniil Kvyat
61%
Toro Rosso 2017-2018 Brendon Hartley
32%
Aucun quiz correspondant
Distribution des résultats
% des personnes avec chaque résultat
Percentile par nombre de réponses
Votre historique - résultats
Vous n’avez pas pris ce quiz depuis la dernière actualisation